[Event "FICGS W-ch st1 gN 01 email"]
[Site "FICGS email"]
[Date "2012.11.01"]
[Round "1"]
[White "Svensson, Leif"]
[Black "Larwinski, Paul"]
[Result "1/2-1/2"]
[WhiteElo "2202"]
[BlackElo "2162"]
[PlyCount "83"]
[EventDate "2012.??.??"]
[EventType "tourn (corr)"]
[EventRounds "6"]
[SourceTitle "Corr 2022"]
[Source "ChessBase"]
[SourceDate "2021.10.24"]
[SourceVersion "1"]
[SourceVersionDate "2021.10.24"]
[SourceQuality "1"]

1. e4 e5 2. Nf3 Nc6 3. d4 exd4 4. Nxd4 Nf6 5. Nxc6 bxc6 6. e5 Qe7 7. Qe2 Nd5 8. c4 Nb6 9. Nc3 Qe6 10. Qe4 d5 11. exd6 Qxe4+ 12. Nxe4 cxd6 13. Bd2 Be7 14. 0-0-0 Bf5 15. f3 d5 16. cxd5 Nxd5 17. Bd3 0-0 18. Rhe1 Bg6 19. Re2 Rab8 20. Bc4 Rfd8 21. Ba5 Rd7 22. g3 Kf8 23. Bb3 Bh5 24. g4 Bg6 25. Ba4 f5 26. gxf5 Bxf5 27. Bxc6 Rc8 28. Rc2 Ne3 29. Rxd7 Nxc2 30. Bb7 Rb8 31. Rd3 Nb4 32. Bxb4 Bxb4 33. Ba6 Rb6 34. Bc4 Rc6 35. Rd8+ Ke7 36. Rd4 Be6 37. b3 Bc8 38. Kd1 Rh6 39. Bg8 a5 40. Rc4 Bd7 41. Rc2 Rh3 42. Ng5 1/2-1/2